Most popular french writers of all time - Statistics

General Stats
  • This quiz has been taken 122 times
  • The average score is 5 of 15
Answer Stats
Answer % Correct
Victor Hugo
73%
Molière
67%
Voltaire
60%
Emile Zola
52%
Albert Camus
43%
Alexandre Dumas
38%
Gustave Flaubert
35%
Guy de Maupassant
34%
Stendhal
26%
Jean de La Fontaine
18%
Céline
14%
Montaigne
14%
Jean Jacques Rousseau
12%
André Malraux
4%
Charles Baudelaires
0%
No matching quizzes found
Score Distribution
Percent of People with Each Score
Percentile by Number Answered
Your Score History
You have not taken this quiz